[Event "Kurunegala op 11th"]
[Site "Kurunegala"]
[Date "2019.12.01"]
[Round "3"]
[White "Jayasinghe, JAADK"]
[Black "De Silva, LMST"]
[Result "0-1"]
[WhiteElo "1277"]
[BlackElo "1968"]
[PlyCount "116"]
[EventDate "2019.11.30"]
[EventType "swiss"]
[EventRounds "10"]
[EventCountry "SRI"]
[SourceTitle "CBM 193 Extra"]
[Source "ChessBase"]
[SourceDate "2020.01.31"]
[SourceVersion "1"]
[SourceVersionDate "2020.01.31"]
[SourceQuality "1"]

1. e4 e5 2. Nf3 Nc6 3. Bb5 a6 4. Ba4 Nf6 5. 0-0 Be7 6. Re1 b5 7. Bb3 d6 8. c3 0-0 9. h3 Na5 10. Bc2 c5 11. d3 Qc7 12. Nbd2 Re8 13. Nf1 h6 14. Ne3 Bf8 15. Bd2 Bb7 16. b3 d5 17. exd5 Nxd5 18. Nxd5 Bxd5 19. c4 Bb7 20. Nxe5 Rxe5 21. Bxa5 Qc6 22. f3 Bd6 23. d4 Rg5 24. d5 Qd7 25. Qd3 g6 26. Bd2 Rg3 27. Kf2 Qd8 28. Qe4 Qf6 29. Bxh6 Kh7 30. Bd2 Bc8 31. Qe3 Qh4 32. Kf1 Bd7 33. Qe4 Qf6 34. Qd3 Bxh3 35. Bc3 Qxf3+ 36. Qxf3 Rxf3+ 37. Ke2 Rxc3 38. Kd2 Rxc2+ 39. Kxc2 Bf5+ 40. Kd2 bxc4 41. bxc4 Rb8 42. Rh1+ Kg7 43. Rhg1 Rb2+ 44. Kc1 Rc2+ 45. Kd1 Rxc4 46. g4 Bxg4+ 47. Ke1 Bf5 48. Rd1 Rc2 49. Rd2 Rc1+ 50. Kf2 Rxg1 51. Kxg1 c4 52. Rd1 c3 53. Kf2 c2 54. Rh1 Ba3 55. Re1 c1Q 56. Kg2 Qxe1 57. Kh2 Qf2+ 58. Kh1 Be4# 0-1